10K Lyrics-Fill in the Blank - Statistics

General Stats
  • This quiz has been taken 2 times
  • The average score is 14 of 65
Answer Stats
Lyrics % Correct
How we move, let me {go}, yeah, yeah, plenty souls
100%
Sing like {never} before
100%
Worship His {holy} name
100%
Don’t be a clown, boy, {you’re} not it
50%
God so {good}, say less I’m breathing
50%
God so {good}, say less I’m breathing
50%
God so {good}, say less I’m breathing
50%
God so {good}, say less I’m breathing
50%
God so {good}, say less I’m breathing
50%
God so {good}, say less I’m breathing
50%
{Let’s} go
50%
Oh my {soul}
50%
{Ooh}, {ooh}, {ooh}, {ooh}, nothing here to prove
50%
Ten {thousand} reasons I can believe in
50%
Ten {thousand} reasons I can believe in
50%
Ten {thousand} reasons I can believe in
50%
Ten {thousand} reasons I can believe in
50%
Ten {thousand} reasons I can believe in
50%
Ten {thousand} reasons I can believe in
50%
Ten thousand {reasons}, uh, yeah
50%
Ten thousand {reasons}, uh, yeah
50%
Ten thousand {reasons}, uh, yeah
50%
{Woah}, my soul
50%
Woah, {my} soul
50%
Worship {His} holy, holy name
50%
10K, 10K, I’ma believe em {all}
0%
10K, 10K, I’ma believe em {all}
0%
10K, 10K, I’ma believe em {all}
0%
Almost {every} inch and I rule it like this
0%
Been doing this since {sixteen}
0%
Christ is God, I lost my {father}, but I’ll never lose my peace
0%
Cool, I see that he coming {back}
0%
Give you the businesses, Satan {bodied}, homie, he finished it
0%
Good and {generous} definitive, that’s from the Genesis
0%
He said it then I {react}
0%
HGA, that’s the law, new {sheriff} in it, ooh
0%
I ain’t never seen anybody do it {like} this
0%
I got a god, don’t change with the {season}
0%
I got a god, don’t change with the {season}
0%
I got a god, don’t change with the {season}
0%
I got a god, don’t change with the {season}
0%
I got a god, don’t change with the {season}
0%
I got a god, don’t change with the {season}
0%
I got this thing in the bag, you go {and} laugh
0%
I’ma lawyer in the {booth}
0%
I’m in his palm like the {tropics}
0%
I will be doing it last, {front} to back
0%
KB, uh, passing {bars}
0%
Let it breathe, ooh, {cool}, let it breathe
0%
Look at my world, that’s a little {light} drip
0%
Men and {women} get in it, they get it, then they live again
0%
Only God on my list, I’m like who did I {miss}
0%
Ooh, winning with {ease}
0%
Ooh, you think it’s sweet, yeah, I believe way {crazier} things
0%
Rapping on the {corner} and the street
0%
{Reigning} supreme
0%
That’s my {creed}, ooh, Michael B.
0%
Uh, woo, worship in a {mosh} pit
0%
Uh, yeah he {bossing}
0%
Unlimited, inhibited, look at all of these {witnesses}
0%
Wait, {hold} up, yeah, yeah, yeah
0%
Yeah, {peace}, {peace}, Jesus
0%
Yeah, yeah, {ayy}, {ayy}, can’t you see I’m on a roll
0%
Yeah, yeah, bring the {smoke}, yeah, yeah, ‘stead of choke
0%
Yeah, yeah, I think he {king}
0%
No matching quizzes found
Score Distribution
Percent of People with Each Score
Percentile by Number Answered
Your Score History
You have not taken this quiz